000 00317 a2200169 4500
001 187684
020 _a85-02-05880-0
040 _cMagnum
100 _aLopes, Sônia
240 1 0 _aBio 2
_lpor
245 1 0 _aBio 2
300 _a544
362 0 _a2006
440 1 _aSaraiva
697 _aBIOLOGIA
942 _cBK
999 _c187684
_d187684